Sloboda prejavu Romana Kaliského-Hronského

Bibliographic Details
Main Author: Kaliský, Roman, 1922-2015 (Author)
Format: Article
Language:Slovak
ISSN:1335-7786
Subjects:

MARC

LEADER 00000nab a2200000 a 4500
001 vtls009513041
003 SK-MaSNL
005 20260304152952.0
008 250506c2009 xo |r|p|||||||000 b|slo
015 |a SNBRB2009/05  |2 snkbucl 
035 |a (uuid)4f15bcad-3947-40dd-a486-920e232c6739 
035 |a urn:nbn:sk:snk-abeu49 
035 |a (urnnbn)urn:nbn:sk:snk:ar-008mgt 
038 |a SNKBUCL 
040 |a SNKBUCL  |b slo  |c SNKBUCL  |e AACR2 
041 0 |a slo 
044 |a xo  |c SK 
080 |a 17  |2 2001 
080 |a 794.9  |2 2001 
080 |a 17.024.4:02  |2 2001 
100 1 |a Kaliský, Roman,  |d 1922-2015  |4 aut  |9 229859 
245 1 0 |a Sloboda prejavu Romana Kaliského-Hronského 
600 1 7 |a Singer, Peter,  |d 1946-  |t Spisy o etickom žití  |2 snkbucl  |9 1475700 
650 0 7 |a úspech  |x motivačná literatúra  |2 snkbucl  |9 1475701 
650 0 7 |a stávkovanie  |2 snkbucl  |9 1456023 
655 7 |a úvahy  |2 snkbucl  |9 29403 
773 0 |t Slovenské pohľady  |g Roč. IV.+125., č. 3 (2009), s. 147-152  |x 1335-7786 
850 |a Slovenská národná knižnica 
852 |a Slovenská národná knižnica 
958 |a article27 
958 |a OND 
958 |a EUIPO 
999 |c 2951920  |d 2953850